UBT Library

SCRIPTURE (Record no. 58649)

000 -LEADER
fixed length control field 00298nam a22001457a 4500
008 - FIXED-LENGTH DATA ELEMENTS--GENERAL INFORMATION
fixed length control field 221024b ||||| |||| 00| 0 eng d
020 ## - INTERNATIONAL STANDARD BOOK NUMBER
International Standard Book Number 9781565639270
041 ## - LANGUAGE CODE
Language code of text/sound track or separate title eng
080 ## - UNIVERSAL DECIMAL CLASSIFICATION NUMBER
Universal Decimal Classification number 7
082 ## - DEWEY DECIMAL CLASSIFICATION NUMBER
Classification number 7GOR
100 ## - Rafti
Rafti 21.2
101 ## - Shkurtesa
Shkurtesa ART
245 ## - TITLE STATEMENT
Title SCRIPTURE
Statement of responsibility, etc GORMAN M
942 ## - ADDED ENTRY ELEMENTS (KOHA)
Source of classification or shelving scheme
Item type Books
Holdings
Withdrawn status Lost status Source of classification or shelving scheme Damaged status Not for loan Collection code Permanent location Current location Date acquired Total Checkouts Full call number Barcode Date last seen Price effective from Koha item type
          Koleksioni i përgjithshem UBT - Lipjan UBT - Lipjan 10/24/2022   7GOR 002-800028700260297 10/24/2022 10/24/2022 Books
UBT Library © 2015-2024. All rights reserved University Education for Business and Technology